Psychiatry: (Record no. 5361)

MARC details
000 -LEADER
fixed length control field 00532nam a22001937a 4500
003 - CONTROL NUMBER IDENTIFIER
control field OSt
005 - DATE AND TIME OF LATEST TRANSACTION
control field 20161017152723.0
008 - FIXED-LENGTH DATA ELEMENTS--GENERAL INFORMATION
fixed length control field 161017b xxu||||| |||| 00| 0 eng d
020 ## - INTERNATIONAL STANDARD BOOK NUMBER
International Standard Book Number 9970026119
040 ## - CATALOGING SOURCE
Transcribing agency DNML.
082 ## - DEWEY DECIMAL CLASSIFICATION NUMBER
Classification number WM30.6P959p 2006.
100 ## - MAIN ENTRY--PERSONAL NAME
Personal name Larsen,J.William;
9 (RLIN) 11212
245 ## - TITLE STATEMENT
Title Psychiatry:
Remainder of title For primary Health Care in Uganda.
260 ## - PUBLICATION, DISTRIBUTION, ETC. (IMPRINT)
Place of publication, distribution, etc. Kampala,Uganda;
Name of publisher, distributor, etc. Fountain Publishers.
Date of publication, distribution, etc. 2006.
300 ## - PHYSICAL DESCRIPTION
Extent xii,241p;
Other physical details ill:
Dimensions 20cm
504 ## - BIBLIOGRAPHY, ETC. NOTE
Bibliography, etc includes index.
650 ## - SUBJECT ADDED ENTRY--TOPICAL TERM
Topical term or geographic name as entry element Psychiatry.
9 (RLIN) 351
942 ## - ADDED ENTRY ELEMENTS (KOHA)
Source of classification or shelving scheme Dewey Decimal Classification
Koha item type Open Shelf
Holdings
Withdrawn status Lost status Source of classification or shelving scheme Damaged status Not for loan Home library Current library Date acquired Source of acquisition Inventory number Total Checkouts Full call number Barcode Date last seen Price effective from Koha item type
    Other/Generic Classification Scheme     MUST Main Library MUST Main Library 17/10/2016 Purchase 09/31177   WM30.6P959p 2006. 2016-4806 17/10/2016 17/10/2016 Open Shelf